|
|
|
|
| LEADER |
02036nam a2200337 a 4500 |
| 001 |
mzk03001071909 |
| 003 |
CZ BrMZK |
| 005 |
20210819121953.0 |
| 007 |
ta |
| 008 |
090506s1711 gw fr|||||00| ||gerod |
| 040 |
|
|
|a BOA001
|b cze
|
| 072 |
|
7 |
|a 094
|x Staré tisky
|2 Konspekt
|9 12
|
| 080 |
|
|
|a (0.068)094
|2 MRF
|
| 100 |
1 |
|
|a Eckhart, Johann Georg von,
|d 1664-1730
|7 mzk2009511395
|4 aut
|
| 245 |
1 |
0 |
|a Abstammung Des Durchlauchtigsten Fürsten und Herrn, Herrn Alexii, Groß-Czarischen Cron-Printzen, und Der Durchlauchtigsten Fürstin und Frauen, Frauen Charlotten Christinen Sophien, Gebohrner Printzeßin von Braunschweig und Lüneburg, von dem Griechischen Käyser Constantino Porphyrogenito :
|b Nebst noch einer Genealogischen Deduction, aus welcher erhellet, daß des Groß-Czarischen Cron-Printzen Hoheit aus dem Durchl. Gwelfischen Hause entsprossen sey ; Hingegen Die Durchlauchtigste Printzessin Charlotte von den alten Rußischen Groß-Fürsten herkomme ; Alles mit der bewehrtesten Autoren Zeugnissen dargethan und beleget /
|c von Johann Georg Eckhart, der Geschichten Prof. Ord. zu Helmstädt und Mitgliede der Kön. Preuß. Acad. der Wissenschafften
|
| 260 |
|
|
|a Helmstädt :
|b [s.n.],
|c 1711
|
| 300 |
|
|
|a 55 s. ;
|c 4°
|
| 500 |
|
|
|a Výzdoba: Vlys, viněta
|
| 501 |
|
|
|a Přívazek 13 k: Ordentliches Diarium oder Kurtze und eigentliche Vorstellung aller hohen Verrichtungen, Ceremonien und Festivitäten ...
|
| 510 |
4 |
|
|a VD18,
|c VD18 14922258
|u https://kxp.k10plus.de/DB=1.65/PPNSET?PPN=008835985
|
| 655 |
|
7 |
|a staré tisky
|7 fd422076
|2 czenas
|
| 856 |
4 |
2 |
|u https://mdz-nbn-resolving.de/urn:nbn:de:bvb:12-bsb10664243-5
|y Digitalizovaný dokument
|z exemplář Bayerische Staatsbibliothek, sign. 4 Diss. 735#Beibd.6
|
| 903 |
|
|
|a RP
|
| 910 |
|
|
|a BOA001
|b CH-0003.228,přív.13
|
| 978 |
|
|
|b S.n.
|a Helmstedt
|c 1711
|
| 984 |
|
|
|a Helmstedt
|b Německo
|
| 985 |
|
|
|a 1701-1750
|
| 990 |
|
|
|a BK
|
| 993 |
|
|
|a Y
|
| 991 |
|
|
|k mzk
|
| 994 |
|
|
|a UP
|l MZK03
|b 001071758
|m přívazek 13
|n záznam 1. díla (pro objednání pokračujte kliknutím)
|